000 00556nam a2200193Ia 4500
005 20250508170110.0
008 008 250505s9999 xx 000 0 eng d
037 _aTheses
040 _aFEDL
_beng
_cFEDL
041 _aeng
_2eng
084 _a372.5, GUP/TH
_qFEDL
100 _aGupta Priya
245 0 _aExploratory study of scientific creativity amongst school children
260 _c2019
300 _aV, 243P.
546 _aPh.D Thesis (Delhi University); C D Included
942 _cTH
_h372.5, GUP/TH
999 _c1399207
_d1399207